Statistics for Five Letter Fast Typing

Click here to take the quiz!

General Stats

  • This quiz has been taken 54 times
  • The average score is 20 of 36

Answer Stats

HintAnswer% Correct
ZEBRAZEBRA
100%
AUDITAUDIT
93%
BROILBROIL
93%
POINTPOINT
93%
SALADSALAD
93%
AROMAAROMA
90%
CLICKCLICK
90%
FRESHFRESH
90%
TAXESTAXES
90%
WATERWATER
90%
EDITSEDITS
86%
MAGMAMAGMA
86%
FLOURFLOUR
79%
GRIDSGRIDS
79%
WIDOWWIDOW
79%
APRONAPRON
72%
FRAMEFRAME
62%
AFTERAFTER
59%
JUDGEJUDGE
59%
BROWNBROWN
48%
STUDYSTUDY
45%
CRACKCRACK
38%
BOARDBOARD
31%
CHAIRCHAIR
28%
LIARSLIARS
28%
MUMMYMUMMY
28%
QUIETQUIET
28%
MAILSMAILS
24%
ARROWARROW
21%
CRATECRATE
17%
SAVEDSAVED
17%
DOINGDOING
14%
HAPPYHAPPY
14%
LATERLATER
14%
PUSHYPUSHY
14%
VIDEOVIDEO
14%

Score Distribution

Percentile by Number Answered

Percent of People with Each Score

Your Score History

You have not taken this quiz